| 000 | 00376nam a22001457a 4500 | ||
|---|---|---|---|
| 003 | MACL | ||
| 005 | 20200722165610.0 | ||
| 008 | 200722b xxu||||| |||| 00| 0 eng d | ||
| 040 | _cMACL | ||
| 100 |
_aBeri, Meenakshi _936596 |
||
| 245 | _aVitamins & Minerals for Healthy Body | ||
| 260 |
_aAllahabad _bRachna Publication _c2018 |
||
| 650 |
_aMedicine _917422 |
||
| 942 |
_2ddc _cBK |
||
| 999 |
_c62790 _d62790 |
||